দিনাজপুরের তেভাগা আন্দোলন, প্রস্তুতিপর্ব / (Record no. 31131)

MARC details
000 -LEADER
fixed length control field 01174nam a22002177a 4500
003 - CONTROL NUMBER IDENTIFIER
control field BDDh-ASL
005 - DATE AND TIME OF LATEST TRANSACTION
control field 20231015031232.0
008 - FIXED-LENGTH DATA ELEMENTS--GENERAL INFORMATION
fixed length control field 230319s2010 b ||||| |||| 00| 0 b d
040 ## - CATALOGING SOURCE
Original cataloging agency BDDh-ASL
Transcribing agency BDDh-ASL
041 ## - LANGUAGE CODE
Language code of text/sound track or separate title ben
082 ## - DEWEY DECIMAL CLASSIFICATION NUMBER
Classification number 954.9283
Item number KAD
100 1# - MAIN ENTRY--PERSONAL NAME
Personal name কামাল, মেসবাহ্
9 (RLIN) 1092
245 10 - TITLE STATEMENT
Title দিনাজপুরের তেভাগা আন্দোলন, প্রস্তুতিপর্ব /
246 ## - VARYING FORM OF TITLE
Title proper/short title Dinajpurer Tebhaga Andolan : Prostutiparba (Tebhaga Movement in Dinajpur : The Preparatory Phase) by Mesbah Kamal
260 ## - PUBLICATION, DISTRIBUTION, ETC.
Place of publication, distribution, etc. ঢাকা :
Name of publisher, distributor, etc. উৎস প্রকাশন,
Date of publication, distribution, etc. 2010.
300 ## - PHYSICAL DESCRIPTION
Extent 112 p. :
Dimensions 22 cm.
504 ## - BIBLIOGRAPHY, ETC. NOTE
Bibliography, etc. note Includes bibliographical references and index.
650 #0 - SUBJECT ADDED ENTRY--TOPICAL TERM
Topical term or geographic name entry element Riot, দাঙ্গা , Dāṅgā, আন্দোলন, Āndōlana, Movement, Fight, Saṅgrāma, Struggle, যুদ্ধ, সংগ্রাম, লড়াই, দ্বন্দ্ব, সমর, কন্দল, গণ আন্দোলন, Gaṇa āndōlana, Mass Movement
9 (RLIN) 7560
651 #0 - SUBJECT ADDED ENTRY--GEOGRAPHIC NAME
Geographic name Dinajpur (দিনাজপুর)
Geographic subdivision Bangladesh (বাংলাদেশ)
9 (RLIN) 4585
942 ## - ADDED ENTRY ELEMENTS (KOHA)
Source of classification or shelving scheme Dewey Decimal Classification
Koha item type Books
Holdings
Withdrawn status Lost status Source of classification or shelving scheme Damaged status Not for loan Collection code Home library Current library Shelving location Date acquired Source of acquisition Total Checkouts Full call number Barcode Date last seen Copy number Price effective from Koha item type Public note
    Dewey Decimal Classification     Non-fiction Asiatic Society Library Asiatic Society Library General Stacks 03/19/2023 Amar Ekushey Book Fair 2022   954.9283 KAD 119741 03/19/2023 C-1 03/19/2023 Books Y-2010

Powered by Koha